[Event "FRA-chT U20"]
[Site "Pau"]
[Date "2005.12.20"]
[Round "7"]
[White "Baudry, Remi"]
[Black "Chabenet, Raphael"]
[Result "0-1"]
[WhiteElo "1330"]
[BlackElo "1230"]
[PlyCount "108"]
[EventDate "2005.12.??"]
[EventType "team"]
[EventRounds "11"]
[EventCountry "FRA"]
[SourceTitle "EXT 2007"]
[Source "ChessBase"]
[SourceDate "2006.11.23"]
[SourceVersion "1"]
[SourceVersionDate "2006.11.23"]
[SourceQuality "1"]
[WhiteTeam "Hyeres"]
[BlackTeam "Clichy"]
[WhiteTeamCountry "FRA"]
[BlackTeamCountry "FRA"]

1. d4 d5 2. c4 e6 3. Nc3 Nf6 4. Bg5 Bb4 5. Qa4+ Nc6 6. Bxf6 Bxc3+ 7. bxc3 Qxf6 8. cxd5 exd5 9. Nf3 0-0 10. e3 Bg4 11. Be2 Qg6 12. 0-0 Bh3 13. Nh4 Qg5 14. g3 Bxf1 15. Rxf1 Qe7 16. Qb5 Rab8 17. Qxd5 Rfd8 18. Qf3 Qe6 19. a3 Ne7 20. c4 Ng6 21. Nxg6 Qxg6 22. d5 Rd6 23. e4 Re8 24. Bd3 Rf6 25. Qe3 Qh5 26. Qxa7 Qf3 27. Qd4 Rd8 28. e5 Ra6 29. Ra1 Ra4 30. Qe3 Qxe3 31. fxe3 c6 32. d6 f6 33. c5 fxe5 34. e4 Rd4 35. Rd1 b6 36. cxb6 R4xd6 37. Kf2 c5 38. b7 Rb6 39. Ba6 Rxd1 40. Bc4+ Kf8 41. Bd5 c4 42. Ke2 Ra1 43. Kd2 Rxa3 44. Kc2 Ke7 45. h4 Rxg3 46. h5 g6 47. hxg6 hxg6 48. b8Q Rxb8 49. Bxc4 Rh8 50. Kd2 Kf6 51. Bb5 Kg5 52. Ba6 Kf4 53. Bd3 Rh2+ 54. Kc3 g5 0-1

[Event "FRA-chT U20 0506"]
[Site "France"]
[Date "2005.11.13"]
[Round "3.7"]
[White "Chabenet, Raphael"]
[Black "Rigolot, Lucie"]
[Result "0-1"]
[WhiteElo "1230"]
[BlackElo "1620"]
[PlyCount "68"]
[EventDate "2005.11.12"]
[EventType "team"]
[EventRounds "3"]
[EventCountry "FRA"]
[SourceTitle "CBM 109 Extra"]
[Source "ChessBase"]
[SourceDate "2006.01.03"]
[SourceVersion "2"]
[SourceVersionDate "2006.01.03"]
[SourceQuality "1"]

1. e4 c5 2. Nf3 d6 3. Bc4 Nf6 4. Nc3 Bg4 5. d3 e6 6. h3 Bh5 7. Bf4 Be7 8. 0-0 0-0 9. Qd2 Bxf3 10. gxf3 Nh5 11. Bg3 Bh4 12. Ne2 e5 13. b4 Bg5 14. Qc3 cxb4 15. Qxb4 Qd7 16. Kg2 Nc6 17. Qb5 a6 18. Qd5 b5 19. Bb3 Nb4 20. c3 Nxd5 21. Bxd5 Rac8 22. f4 exf4 23. h4 fxg3 24. hxg5 gxf2 25. Rxf2 Qg4+ 26. Ng3 Qxg3+ 27. Kh1 Qxf2 28. Rg1 Ng3+ 29. Rxg3 Qxg3 30. e5 Qxe5 31. c4 bxc4 32. Bxc4 Qxg5 33. Bxa6 Rc2 34. Bb7 Qc1# 0-1

[Event "FRA-chT U20 0506"]
[Site "France"]
[Date "2005.11.12"]
[Round "1.9"]
[White "Pouillart, Cecile"]
[Black "Chabenet, Raphael"]
[Result "1/2-1/2"]
[WhiteElo "1390"]
[BlackElo "1230"]
[PlyCount "107"]
[EventDate "2005.11.12"]
[EventType "team"]
[EventRounds "3"]
[EventCountry "FRA"]
[SourceTitle "CBM 109 Extra"]
[Source "ChessBase"]
[SourceDate "2006.01.03"]
[SourceVersion "2"]
[SourceVersionDate "2006.01.03"]
[SourceQuality "1"]

1. e4 e5 2. Nf3 Nc6 3. Bc4 Nf6 4. Ng5 d5 5. exd5 Na5 6. b3 Nxc4 7. bxc4 Nxd5 8. cxd5 Qxg5 9. 0-0 Bg4 10. d4 Bxd1 11. Bxg5 Bxc2 12. dxe5 Bf5 13. Nc3 Be7 14. Bxe7 Kxe7 15. Rab1 Bxb1 16. Rxb1 b6 17. Nb5 Rhd8 18. Nxc7 Rac8 19. d6+ Kd7 20. a4 Rxc7 21. dxc7 Kxc7 22. Rc1+ Kb7 23. h3 Rd2 24. f4 Rd4 25. f5 Rd5 26. e6 Rxf5 27. g4 Rf6 28. Rd1 Rxe6 29. Rd7+ Ka6 30. Rxf7 Re3 31. Kf2 Rxh3 32. Rxg7 b5 33. axb5+ Kb6 34. Kg2 Rb3 35. Rxh7 Rxb5 36. Rh6+ Kc7 37. Kh3 a5 38. Rh7+ Kd6 39. Ra7 Kc6 40. Rf7 Kb6 41. Rf6+ Kc5 42. g5 a4 43. Ra6 Rb3+ 44. Kh4 a3 45. g6 Rb6 46. Ra5+ Kb4 47. g7 Rg6 48. Ra7 Kb3 49. Kh5 Rg1 50. Kh6 a2 51. Kh7 Kb2 52. Rxa2+ Kxa2 53. g8Q+ Rxg8 54. Kxg8 1/2-1/2